| 000 | 00441cam a2200169ua 4500 | ||
|---|---|---|---|
| 041 |
_aeng _h |
||
| 082 |
_a649.1 _bSHU/LE |
||
| 100 | _aShuey, Remekah.M . | ||
| 245 |
_aLearning about Children / _cM. Remekah Shuey. _hTextual Documents |
||
| 260 |
_aChicago : _bJ B Lippincott Company , _c1958. |
||
| 300 | _a294 ; . | ||
| 504 | _a | ||
| 700 | 1 | _aWoods, Elizabeth.L . | |
| 700 | 1 | _aYoung, Esther . | |
| 942 | _cBK | ||
| 999 |
_c1161 _d1161 |
||